Les drapeaux et l'astronomie - Statistiques

Statistiques générales
  • Ce quiz a été pris 77 fois
  • Le résultat moyen est 59 sur 118
Statistiques - réponses
Par images Hint Réponse % Correct
Croissant de lune Tunisie
95%
Croix du sud Australie
89%
Etoile Chine
86%
Soleil Japon
81%
Etoiles Kosovo
81%
Etoiles Venezuela
81%
Sphère terrestre Brésil
80%
Soleil Niger
80%
Etoile Somalie
80%
Etoile Vietnam
80%
Etoile Chili
78%
Etoile Maroc
78%
Etoiles Grenade
75%
Soleil Argentine
73%
Soleil et Lune Népal
73%
Soleil Bangladesh
72%
Etoile Cameroun
72%
Croissant de lune Mauritanie
72%
Etoile Israël
70%
Sphère Portugal
70%
Etoile Sénégal
70%
Croissant de lune Turquie
70%
Soleil Uruguay
70%
Etoile Corée-du-Nord
69%
Croix du sud Nouvelle-Zélande
69%
Soleil Antigua et Barbuda
67%
Etoiles Bosnie-Herzégovine
67%
Soleil Kiribati
67%
Soleil Macédoine
67%
Croissant de lune Pakistan
67%
Croissant de lune Algérie
66%
Etoile Cuba
66%
Soleil Kazakhstan
66%
Croissant de lune Malaisie
66%
Etoiles Slovénie
66%
Etoiles Tadjikistan
66%
Etoiles Micronésie
64%
Etoiles Panama
64%
Etoile Moldavie
63%
Etoiles Dominique
61%
Etoile Ethiopie
61%
Croissant de lune et étoiles Ouzbékistan
61%
Etoile Zimbabwe
59%
Etoile Angola
58%
Croissant de lune Azerbaïdjan
58%
Soleil Kirghizistan
58%
Soleil Malawi
58%
Croix du sud Papouasie-Nouvelle-Guinée
58%
Etoile RD Congo
58%
Croissant de lune et étoiles Singapour
58%
Etoile Togo
58%
Soleil Groenland
56%
Etoile Liberia
56%
Soleil Philippines
56%
Etoiles Syrie
56%
Etoiles Cap-vert
55%
Etoiles Honduras
55%
Etoile Iles {Marshall}
55%
Lune Laos
55%
Croissant de lune Libye
55%
Lune Palaos
55%
Voie lactée Tuvalu
55%
Etoile Ghana
53%
Paraguay
53%
Etoile Birmanie
52%
Etoile Centrafrique
52%
Croissant de lune et étoiles Comores
52%
Croissant de lune Maldives
52%
Croissant de lune et étoiles Turkménistan
52%
Etoile Burkina Faso
50%
Etoile Djibouti
50%
Etoile Jordanie
50%
Etoile Nauru
50%
Etoiles Burundi
48%
Etoile Mozambique
48%
Soleil Namibie
48%
Etoiles Salomon
48%
Etoile Guinée Bissau
47%
Soleil Rwanda
47%
Etoiles Saint-Christophe-et-Niévès
47%
Etoile Soudan-du-Sud
47%
Etoile Suriname
47%
Croix du sud Samoa
45%
Etoile Timor oriental
45%
Etoiles Macao
44%
Etoile Porto Rico
44%
Etoiles Sao Tomé et Principe
44%
Etoiles Guinée équatoriale
42%
Croix du sud Tokelau
30%
Croissant de lune et étoile Chypre-du-Nord
27%
Croix du sud Iles {Cocos}
27%
Etoile Bonaire
25%
Etoiles Curaçao
25%
Etoile Iles {Mariannes} du Nord
25%
Etoiles Niue
25%
Croix du sud Ile {Christmas}
23%
Soleil Kurdistan
22%
Etoile Transnistrie
22%
Etoile Saint-Eustache
20%
Etoiles Abkhazie
19%
Etoiles Iles {Caïmans}
19%
Etoile Saba
19%
Etoiles Terres Australes et Antarctiques Françaises
19%
Etoiles Açores
17%
Etoile Somaliland
17%
Croissant de lune et étoile Sahara occidental
16%
Etoile Niévès
9%
Etoiles Adyguée
8%
Croissant de lune et étoiles Karakalpakstan
8%
Etoile Puntland
8%
Croissant de lune et étoile Azad Cachemire
6%
Croissant de lune et étoile Bangsamoro
6%
Etoiles Voïvodine
6%
Etoile Papouasie occidentale
5%
Soleil Sakha
5%
Etoiles Principe
2%
Etoiles Gagouazie
0%
Soleil Réserves aborigènes
0%
Aucun quiz correspondant
Distribution des résultats
% des personnes avec chaque résultat
Percentile par nombre de réponses
Votre historique - résultats
Vous n’avez pas pris ce quiz